States North of Canada Quiz Stats

 Plays Quiz Updated Jul 11, 2017

Support Sporcle.
Go Orange.
Score 0/27 Timer 03:00
3 Plays Today
State % Correct
Washington
95.6%
Maine
95.6%
New York
95.3%
North Dakota
93.3%
Michigan
92.4%
Vermont
92.3%
Alaska
91.9%
New Hampshire
90.8%
Montana
90.2%
Idaho
88.5%
Oregon
87.9%
South Dakota
87%
Minnesota
86.7%
Ohio
86.7%
State % Correct
Wisconsin
85.6%
Pennsylvania
84.2%
Illinois
84.1%
Rhode Island
83.3%
Massachusetts
80.7%
Connecticut
80.5%
Indiana
80.1%
Wyoming
79.7%
Iowa
77.9%
California
68.8%
Nebraska
68.6%
Utah
62%
Nevada
55.6%

You're not logged in!

Compare scores with friends on all Sporcle quizzes.
OR
Log In
Forgot?

From the Vault

Brooklyn Nine-Nine Name Match

by KStericker

Did we just skip Brooklyn One-One through Eight-Eight?
Remove Ads.
Support Sporcle.
Get the best of Sporcle when you Go Orange. This ad-free experience offers more features, more stats, and more fun while also helping to support Sporcle. Thank you for becoming a member.

Show Comments

Extras

Top Quizzes Today


Score Distribution

Your Account Isn't Verified!

In order to create a playlist on Sporcle, you need to verify the email address you used during registration. Go to your Sporcle Settings to finish the process.

Report this User

Report this user for behavior that violates our Community Guidelines.

Details: